LEADER 01204nam a2200289 i 4500 001 000000152977 003 CaOOAMICUS 005 20060909000000.0 008 060909s1984 xx u000 u fre u 013 $a130318 020 $a2-7010-1091-8 040 $aSeMil$bita 245 13$aLe Moyen Age et la Bible /$csous la direction de Pierre Riché, Guy Lobrichon. 260 $aParis :$bBeauchesne,$ccopyr. 1984. 300 $a639 p. ;$c24 cm. 490 0 $aBible de tous les temps ;$v4 500 $aContiene : Bibliographie. 650 4$aBibbia - Commentari, studi, critica, interpretazioni.$0(OLS)http://semarc/subject/783 700 1 $aLobrichon, Guy.$0(OLS)http://semarc/name/51676 700 1 $aRiché, Pierre,$d<1921-2019>.$0(OLS)http://semarc/name/17079 830 0$aBible de tous les temps ;$v4.$0(OLS)http://semarc/title/56 850 $aSeMil 852 $aSeMil$W1$xVenegono$y1$m2V III 23$j245200$B104921$CSeMilBibl$Z2$F114182 $81 961 $aAcquisto: Casa editrice 996 $6020$a2-7010-1091-8$9(OLS)http://semarc/number/142734 996 $6245$aLe Moyen Age et la Bible$9(OLS)http://semarc/title/223751 996 $6260$aParis :$bBeauchesne$9(OLS)http://semarc/publisher/29638 LEADER 01181nam a2200241 i 4500 001 000000168742 003 CaOOAMICUS 005 20080124000000.0 008 080124s1995 it u000 u ita u 013 $a146144 020 $a88-209-2052-2 040 $aSeMil$bita 245 10$aBeata perchè hai creduto :$bdiscorsi e scritti di Paolo 6. sulla Madonna (1963-1978) /$ca cura di Angelo Bonetti. 260 $aCittà del Vaticano :$bLibreria Editrice Vaticana,$ccopyr. 1995. 300 $a455 p. ;$c22 cm. 500 $aContiene : Appendice ; Bibliografia essenziale sulla Mariologia di Paolo 6. 650 4$aGiovanni Paolo II - Mariologia.$0(OLS)http://semarc/subject/17752 700 1 $aBonetti, Angelo.$0(OLS)http://semarc/name/2562 850 $aSeMil 852 $aSeMil$W1$xVenegono$y1$m165 69 *$j119762$B119762$CSeMilBibl$Z2$F131024 $81 996 $6020$a88-209-2052-2$9(OLS)http://semarc/number/155563 996 $6245$aBeata perchè hai creduto :$bdiscorsi e scritti di Paolo 6. sulla Madonna (1963-1978)$9(OLS)http://semarc/title/241402 996 $6260$aCittà del Vaticano :$bLibreria Editrice Vaticana$9(OLS)http://semarc/publisher/29734